[Event "FSIM June"]
[Site "Budapest HUN"]
[Date "1996.06.10"]
[Round "8"]
[White "Vajda, S"]
[Black "Bigaliev, R"]
[Result "1/2-1/2"]
[WhiteElo "2265"]
[BlackElo "2390"]

1. e4 c5 2. Nf3 d6 3. c3 Nf6 4. Be2 g6 5. O-O Bg7 6. Bb5+ Bd7 7. Bxd7+ Qxd7
8. Re1 Nc6 9. d4 cxd4 10. cxd4 d5 11. e5 Ne4 12. Nbd2 Nxd2 13. Bxd2 O-O 14.
Qe2 Nd8 15. Rec1 Ne6 16. Rc3 Rac8 17. Rac1 Rxc3 18. Rxc3 Qa4 19. Ra3 Qc2
20. Qd3 Qxb2 21. Rxa7 Rc8 22. h3 h6 23. Be3 Nd8 24. Qb3 Qxb3 25. axb3 Rb8
26. Kf1 Nc6 27. Ra1 e6 28. Ke2 Bf8 29. Bd2 Kg7 30. Kd3 Be7 31. Ne1 Rc8 32.
Nc2 f6 33. exf6+ Bxf6 34. Bc3 g5 35. b4 Rc7 36. b5 Ne7 37. Ne3 Kf7 38. Ba5
Rd7 39. Rc1 Ng6 40. Bc7 e5 41. dxe5 Nxe5+ 42. Bxe5 Bxe5 43. Nf5 Kg6 44. Nd4
h5 45. Rc8 Kf7 46. Nf3 Bf6 47. Nd2 Ke7 48. Nb3 Kd6 49. Rf8 Ke7 50. Rc8 Kd6
51. Rf8 Ke7 52. Rc8 1/2-1/2

[Event "FSIM June"]
[Site "Budapest HUN"]
[Date "1996.06.10"]
[Round "8"]
[White "Farago, S"]
[Black "Kahn, E"]
[Result "1-0"]
[WhiteElo "2365"]
[BlackElo "2315"]

1. e4 e5 2. Nf3 Nf6 3. Nxe5 d6 4. Nf3 Nxe4 5. d4 d5 6. Bd3 Be7 7. O-O Nc6
8. Re1 Bf5 9. c4 Nb4 10. Bf1 O-O 11. a3 Nc6 12. cxd5 Qxd5 13. Nc3 Nxc3 14.
bxc3 Qd6 15. a4 Rfe8 16. Qb3 b6 17. Ba3 Qf6 18. Bxe7 Rxe7 19. Rxe7 Qxe7 20.
Re1 Qf6 21. Qd5 Rd8 22. Nd2 g6 23. Qf3 Kg7 24. Nc4 Bc2 25. Qg3 Rd7 26. Ne3
Bxa4 27. d5 Nb8 28. Ng4 Qg5 29. h4 Qf5 30. Re5 Qc2 31. Qf4 Rd6 32. Re7 Qf5
33. Qxa4 Qxd5 34. Qf4 Rd8 35. Qh6+ Kg8 36. Nf6+ 1-0

[Event "FSIM June"]
[Site "Budapest HUN"]
[Date "1996.06.10"]
[Round "8"]
[White "Gietl, T"]
[Black "Czebe, A"]
[Result "1-0"]
[WhiteElo "2235"]
[BlackElo "2325"]

1. e4 c5 2. Nc3 Nc6 3. g3 Rb8 4. a4 g6 5. Bg2 Bg7 6. d3 e6 7. Be3 b6 8. Qd2
Nd4 9. Bxd4 Bxd4 10. Nb5 Bxb2 11. Rb1 Be5 12. f4 Bc7 13. Qc3 f6 14. h4 a6
15. Nxc7+ Qxc7 16. Ne2 e5 17. h5 Ne7 18. hxg6 Nxg6 19. Rh6 d6 20. Kf2 Qg7
21. Rbh1 Ne7 22. Bh3 Bxh3 23. R1xh3 Ng8 24. R6h5 h6 25. Qc4 b5 26. Qd5 Qd7
27. Rh1 bxa4 28. fxe5 fxe5 29. Rxe5+ Kd8 30. Re6 Kc7 31. e5 Rb6 32. exd6+
Rxd6 33. Qxc5+ Qc6 34. Qa7+ Kd8 35. Rxd6+ Qxd6 36. Rb1 Ne7 37. Nf4 Nc8 38.
Qe3 Re8 39. Qd2 Re5 40. Qc3 Rb5 41. Re1 a3 42. Re4 Ne7 43. Rd4 Nd5 44. Qc4
a2 45. Qxa2 Qb6 46. Qc4 Rc5 47. Qxc5 1-0

[Event "FSIM June"]
[Site "Budapest HUN"]
[Date "1996.06.11"]
[Round "9"]
[White "Czebe, A"]
[Black "Schlusnik, N"]
[Result "0-1"]
[WhiteElo "2325"]
[BlackElo "2225"]

1. Nf3 Nf6 2. b3 g6 3. Bb2 Bg7 4. d4 b6 5. c4 O-O 6. Nc3 Bb7 7. e3 c5 8.
dxc5 bxc5 9. Be2 Ne4 10. Qc2 Qa5 11. Rc1 Na6 12. a3 Nxc3 13. Bxc3 Bxc3+ 14.
Qxc3 Qxa3 15. Ne5 d6 16. Nd3 Nb4 17. Nxb4 Qxb4 18. Qxb4 cxb4 19. Bf3 Bxf3
20. gxf3 a5 21. Ra1 Rfc8 22. Kd2 a4 23. Rxa4 Rxa4 24. bxa4 Rxc4 25. Rb1 b3
26. Rxb3 Rxa4 27. Rb1 Kg7 28. Ke2 Rh4 29. Rh1 Kf6 30. Kf1 Rh5 31. Kg2 Rg5+
32. Kh3 e5 33. Ra1 Ke6 34. Ra7 f5 35. Rxh7 Rh5+ 36. Rxh5 gxh5 37. e4 Kf6
38. Kg3 Kg5 39. h4+ Kf6 40. Kg2 Ke6 41. Kf1 d5 42. Ke2 Ke7 43. Kd3 Ke6 44.
Ke3 d4+ 45. Kd3 f4 46. Kc4 Kd6 47. Kb4 Kc7 48. Kc4 Kc6 49. Kb4 Kb6 50. Kc4
Ka5 51. Kd3 Kb5 52. Kd2 Kb4 53. Kd3 Kb3 0-1

[Event "FSIM June"]
[Site "Budapest HUN"]
[Date "1996.06.11"]
[Round "9"]
[White "Grabics, M"]
[Black "Farago, S"]
[Result "1/2-1/2"]
[WhiteElo "2225"]
[BlackElo "2365"]

1. e4 Nf6 2. e5 Nd5 3. d4 d6 4. Nf3 c6 5. Bc4 Bg4 6. exd6 Qxd6 7. O-O Nd7
8. h3 Bh5 9. Re1 e6 10. Nbd2 Be7 11. Ne4 Qc7 12. Ng3 Bg6 13. Ne5 1/2-1/2

[Event "FSIM June"]
[Site "Budapest HUN"]
[Date "1996.06.11"]
[Round "9"]
[White "Tejas, B"]
[Black "Joecks, C"]
[Result "0-1"]
[WhiteElo "2170"]
[BlackElo "2380"]

1. e4 c5 2. Nf3 d6 3. d4 cxd4 4. Nxd4 Nf6 5. Nc3 a6 6. Bg5 e6 7. f4 Nbd7 8.
Qf3 Qc7 9. O-O-O b5 10. g4 b4 11. Nce2 Bb7 12. Ng3 Be7 13. Bxf6 gxf6 14. f5
e5 15. Nb3 a5 16. Kb1 a4 17. Nc1 Qc5 18. Nh5 Rg8 19. h4 a3 20. b3 Rc8 21.
c4 bxc3 22. Kc2 Qb4 23. Ng3 d5 24. Bd3 Nc5 25. Rhe1 Rd8 26. exd5 Qxg4 27.
Bb5+ Kf8 28. Re3 Qxf3 29. Rxf3 Rxd5 30. Rxd5 Bxd5 31. Rxc3 Rg4 32. h5 Ne4
33. Nxe4 Bxe4+ 34. Bd3 Rg2+ 35. Kb1 Bf3 36. h6 Bd6 37. Bb5 Bb7 38. Be2 Be4+
39. Bd3 Rb2+ 40. Ka1 Bxd3 41. Nxd3 Rh2 42. Kb1 e4 43. Nc5 Rb2+ 44. Kc1 Bf4+
45. Kd1 Rd2+ 46. Ke1 e3 47. Ne4 Rxa2 48. Nxf6 Bg3+ 0-1

[Event "FSIM June"]
[Site "Budapest HUN"]
[Date "1996.06.12"]
[Round "10"]
[White "Joecks, C"]
[Black "Czebe, A"]
[Result "1/2-1/2"]
[WhiteElo "2380"]
[BlackElo "2325"]

1. e4 c5 2. Nf3 e6 3. d4 cxd4 4. Nxd4 Nf6 5. Nc3 Nc6 6. Ndb5 d6 7. Bf4 e5
8. Bg5 a6 9. Na3 b5 10. Bxf6 gxf6 11. Nd5 f5 12. Bd3 Be6 13. O-O Bg7 14.
Qh5 f4 15. c4 bxc4 16. Bxc4 O-O 17. Rfd1 1/2-1/2

[Event "FSIM June"]
[Site "Budapest HUN"]
[Date "1996.06.12"]
[Round "10"]
[White "Kahn, E"]
[Black "Grabics, M"]
[Result "1/2-1/2"]
[WhiteElo "2315"]
[BlackElo "2225"]

1. d4 Nf6 2. c4 g6 3. Nc3 Bg7 4. e4 d6 5. Nf3 O-O 6. Be2 e5 7. dxe5 dxe5 8.
Qxd8 Rxd8 9. Bg5 Re8 10. Nd5 Nxd5 11. cxd5 c6 12. Bc4 cxd5 13. Bxd5 Na6
1/2-1/2

[Event "FSIM June"]
[Site "Budapest HUN"]
[Date "1996.06.12"]
[Round "10"]
[White "Farago, S"]
[Black "Tejas, B"]
[Result "0-1"]
[WhiteElo "2365"]
[BlackElo "2170"]

1. e4 c5 2. Nf3 d6 3. d4 cxd4 4. Nxd4 Nf6 5. Nc3 Nc6 6. Bc4 Qb6 7. Nb3 e6
8. Be3 Qc7 9. Be2 a6 10. g4 b5 11. g5 b4 12. Nd5 Nxd5 13. exd5 Ne5 14. Rg1
Be7 15. Qd4 O-O 16. f4 Ng6 17. O-O-O a5 18. Qc4 Qb8 19. Qb5 Ba6 20. Qxb8
Rfxb8 21. Bxa6 Rxa6 22. Nd4 exd5 23. Nf5 Rb5 24. Rd3 Bd8 25. Rgd1 Bb6 26.
Bxb6 Rbxb6 27. Re1 Kf8 28. Rd4 Rc6 29. Ne3 Rc5 30. Nxd5 Rac6 31. Re2 Rxd5
32. Rxd5 Nxf4 33. Red2 Nxd5 34. Rxd5 Ra6 35. Kd2 Ke7 36. Kd3 Ke6 37. Rb5
Ra7 38. h4 f6 39. gxf6 Kxf6 40. c3 bxc3 41. Kxc3 Rc7+ 42. Kd4 Rc5 43. Rb3
Rh5 44. Rh3 Kf5 45. Rh1 g6 46. b4 axb4 47. Kc4 g5 48. Rf1+ Kg6 49. hxg5
Rh4+ 50. Kb3 Kxg5 51. Rd1 Rf4 52. Rxd6 h5 53. Rd8 h4 54. Ra8 Kf5 55. a3
bxa3 56. Kxa3 Rc4 57. Kb3 Rc7 58. Rh8 Kg4 59. Rg8+ Kh3 60. Rg6 Kh2 61. Rg4
h3 62. Kb2 Kh1 63. Rg3 h2 64. Rg8 Rf7 65. Kc1 Rf1+ 66. Kd2 Rg1 67. Rh8 Kg2
0-1

[Event "FSIM June"]
[Site "Budapest HUN"]
[Date "1996.06.12"]
[Round "10"]
[White "Gietl, T"]
[Black "Vologin, V"]
[Result "1/2-1/2"]
[WhiteElo "2235"]
[BlackElo "2325"]

1. e4 c5 2. Nc3 Nc6 3. g3 g6 4. Bg2 Bg7 5. d3 e5 6. Nge2 d6 7. Nd5 Bg4 8.
f3 Be6 9. Nec3 Qd7 10. O-O f5 11. f4 Nf6 12. Nxf6+ Bxf6 13. Nd5 Bg7 14.
fxe5 dxe5 15. Bg5 O-O 16. Qd2 Rae8 17. Rad1 b6 18. a3 Kh8 19. Rb1 Rf7 20.
b4 cxb4 21. axb4 Nd4 22. c3 Nb5 23. Rbc1 Ref8 24. Be3 Rc8 25. c4 Nd4 26.
Qb2 Rff8 27. Bxd4 exd4 28. Rce1 Rce8 29. Nf4 Bf7 30. exf5 gxf5 31. Bd5 Re3
32. Qd2 Rfe8 33. Bxf7 Qxf7 34. Nd5 Bh6 35. Qd1 Qb7 36. b5 Bg5 37. Kg2 f4
38. Qa1 f3+ 39. Kf2 Qg7 40. Rxe3 dxe3+ 41. Kxf3 Rf8+ 42. Kg2 Rf2+ 43. Kg1
Qxa1 44. Rxa1 Rd2 45. Kf1 Rxh2 46. Rxa7 Rh1+ 47. Ke2 Rh2+ 48. Ke1 Rh1+ 49.
Ke2 Rh2+ 50. Ke1 1/2-1/2

[Event "FSIM June"]
[Site "Budapest HUN"]
[Date "1996.06.13"]
[Round "11"]
[White "Vajda, S"]
[Black "Gietl, T"]
[Result "1/2-1/2"]
[WhiteElo "2265"]
[BlackElo "2235"]

1. e4 d6 2. d4 Nf6 3. Nc3 g6 4. g3 Bg7 5. Bg2 O-O 6. Nge2 e5 7. h3 c6 8. a4
a5 9. O-O Na6 10. Be3 Qe7 11. Qd2 Nb4 12. Rad1 d5 13. exd5 Nfxd5 14. Nxd5
Nxd5 15. Bh6 Bxh6 16. Qxh6 Bf5 17. Rd2 Rae8 18. dxe5 Nb6 19. Nd4 Qxe5 20.
Nxf5 Qxf5 21. Rd4 Qf6 22. Rh4 Qg7 23. Qxg7+ Kxg7 24. b4 Re5 25. bxa5 Rxa5
26. Rb4 Nxa4 27. Ra1 Rfa8 28. Rxb7 Nc5 29. Rxa5 Rxa5 30. Rb4 Na6 31. Rb6 c5
32. Bd5 Nb4 33. Bb3 Ra7 34. Kf1 Rc7 35. Rb5 Kf6 36. Ke1 Ke5 37. Kd2 Ke4 38.
c3 Nd5 39. f3+ Ke5 40. Kd3 Kd6 41. Ra5 Ne7 42. Ra6+ Rc6 43. Ra7 f6 44. Kc4
Nd5 45. Ba4 Nb6+ 46. Kb5 Nd5 47. Kc4 Nb6+ 48. Kd3 c4+ 49. Kd4 Rc5 50. Bc2
Rd5+ 51. Ke3 Re5+ 52. Kd2 Rd5+ 53. Ke3 Re5+ 54. Kd2 Rd5+ 55. Ke3 1/2-1/2

[Event "FSIM June"]
[Site "Budapest HUN"]
[Date "1996.06.13"]
[Round "11"]
[White "Bigaliev, R"]
[Black "Joecks, C"]
[Result "0-1"]
[WhiteElo "2390"]
[BlackElo "2380"]

1. e4 c5 2. Nf3 d6 3. d4 cxd4 4. Nxd4 Nf6 5. Nc3 a6 6. Be2 e6 7. O-O Be7 8.
f4 O-O 9. Be3 Qc7 10. a4 b6 11. Bf3 Bb7 12. Qe2 Nc6 13. Rad1 Rfe8 14. Qf2
Nd7 15. Nxc6 Bxc6 16. Bd4 b5 17. axb5 axb5 18. e5 d5 19. Be2 b4 20. Nb5
Bxb5 21. Bxb5 Rab8 22. f5 Rxb5 23. fxe6 Rf8 24. exd7 Qxd7 25. Ra1 Rb7 26.
Ra6 Rc7 27. Rb6 Rc6 28. Qg3 Qc7 29. Rxc6 Qxc6 30. Qf2 Qg6 31. c3 bxc3 32.
bxc3 Rb8 33. Qf3 Qe6 34. h3 Bf8 35. Qg3 g6 36. Rf6 Qe8 37. e6 fxe6 38. h4
Bg7 39. Rxe6 Rb1+ 40. Kh2 Qxe6 0-1

[Event "FSIM June"]
[Site "Budapest HUN"]
[Date "1996.06.13"]
[Round "11"]
[White "Vologin, V"]
[Black "Schlusnik, N"]
[Result "1-0"]
[WhiteElo "2325"]
[BlackElo "2225"]

1. Nf3 c5 2. c4 e6 3. d4 cxd4 4. Nxd4 Nc6 5. Nc3 a6 6. g3 Nf6 7. Bg2 Bc5 8.
Nb3 Be7 9. c5 Na5 10. Na4 d5 11. cxd6 Bxd6 12. Nxa5 Bb4+ 13. Bd2 Bxa5 14.
b4 Bc7 15. O-O Rb8 16. Rc1 O-O 17. Qc2 Ne8 18. Rfd1 Qe7 19. Be3 Bd7 20. Nc5
Bc8 21. Ne4 b6 22. Ng5 f5 23. Qc4 Bd6 24. a3 h6 25. Nf3 b5 26. Qb3 Bd7 27.
Bc5 Bxc5 28. Rxc5 Rc8 29. Ne5 Nf6 30. Ng6 1-0

[Event "FSIM June"]
[Site "Budapest HUN"]
[Date "1996.06.13"]
[Round "11"]
[White "Tejas, B"]
[Black "Kahn, E"]
[Result "0-1"]
[WhiteElo "2170"]
[BlackElo "2315"]

1. e4 c5 2. Nf3 d6 3. d4 cxd4 4. Nxd4 Nf6 5. Nc3 g6 6. Be3 Bg7 7. f3 O-O 8.
Qd2 Nc6 9. Bc4 Bd7 10. h4 Ne5 11. Bb3 h5 12. O-O-O Rc8 13. Bg5 Rc5 14. Kb1
b5 15. Bxf6 Bxf6 16. g4 hxg4 17. h5 g5 18. f4 Nc4 19. Bxc4 bxc4 20. e5 dxe5
21. fxg5 exd4 22. g6 Rg5 23. Ne4 Qa5 24. Nxf6+ exf6 25. Qxd4 Bf5 26. Qxc4
Be6 27. Qd4 Qxa2+ 28. Kc1 Rd5 0-1